Counties of the ACC Colleges Quiz Stats

 Plays Quiz not verified by Sporcle

Challenge
Share
Tweet
Score 0/15 Timer 05:00
0 Plays Today
% Correct
Miami
100%
Boston College
90%
Duke
90%
Georgia Tech
90%
Virginia
90%
North Carolina State
85%
Pittsburgh
85%
Clemson
80%
% Correct
Louisville
80%
Florida State
75%
Syracuse
75%
Virginia Tech
75%
North Carolina
70%
Notre Dame
70%
Wake Forest
70%

You're not logged in!

Compare scores with friends on all Sporcle quizzes.
Join for Free
OR
Log In

You Might Also Like...

Show Comments

Extras

Top Quizzes Today


Score Distribution

Your Account Isn't Verified!

In order to create a playlist on Sporcle, you need to verify the email address you used during registration. Go to your Sporcle Settings to finish the process.

Report this User

Report this user for behavior that violates our Community Guidelines.

Details: